Juarez ó la guerra de Méjico (Record no. 68583)

MARC details
000 -LEADER
campo de control de longitud fija 00698nam a22001815i 4500
001 - NÚMERO DE CONTROL
campo de control 68583
003 - IDENTIFICADOR DE NÚMERO DE CONTROL
campo de control ES-MaACL
005 - FECHA Y HORA DE LA ÚLTIMA TRANSACCIÓN
campo de control 20230906170318.0
007 - CAMPO FIJO DE DESCRIPCIÓN FÍSICA--INFORMACIÓN GENERAL
campo de control de longitud fija t|
008 - DATOS DE LONGITUD FIJA--INFORMACIÓN GENERAL
campo de control de longitud fija 960809s1886 mx ||||1| spa d
040 ## - FUENTE DE CATALOGACIÓN
Centro catalogador/agencia de origen CAM
Lengua de catalogación spa
Centro/agencia transcriptor CAM
100 1# - ENTRADA PRINCIPAL--NOMBRE DE PERSONA
Nombre de persona Gassier, Alfred.
9 (RLIN) 55910
245 10 - MENCIÓN DEL TÍTULO
Título Juarez ó la guerra de Méjico
Resto del título : drama en cinco actos /
Mención de responsabilidad, etc. escrito en francés por Alfredo Gassier ; y traducido al castellano por Agustín A. Nuñez.
260 ## - PUBLICACIÓN, DISTRIBUCIÓN, ETC.
Lugar de publicación, distribución, etc. Mexico :
Nombre del editor, distribuidor, etc. [s.n.],
Fecha de publicación, distribución, etc. 1886 (
Fabricante Tip. "El Socialista")
300 ## - DESCRIPCIÓN FÍSICA
Extensión 88 p. ;
Dimensiones 22 cm.
700 1# - ENTRADA AGREGADA--NOMBRE PERSONAL
Nombre de persona Nuñez, Agustín A.
9 (RLIN) 86137
852 ## - LOCALIZACIÓN
Ubicación ES-MaACL
Número de control de estantería Z-3-F-15
Nota libre .- Anotación manuscrita: Sr. senador D. Carlos Quaglia, presente
Encuadernación Olim: 1562-F-5
Holdings
Estatus retirado Estado de pérdida Estado de daño No para préstamo Colección Biblioteca de origen Biblioteca actual Ubicación en estantería Fecha de adquisición Fuente de adquisición Total de préstamos Signatura topográfica completa Código de barras Visto por última vez Precio de reemplazo Tipo de ítem Koha
        Libros del s. XIX Biblioteca del Ateneo de Madrid Biblioteca del Ateneo de Madrid Depósito Z 17/01/2008     Z-3-F-15 1071798 23/02/2023 23/02/2023 Libro impreso antiguo